[Event "Mecklenburg VP-ch Youth"]
[Site "Malchow"]
[Date "2017.02.08"]
[Round "2.3"]
[White "Karff, Tom"]
[Black "Paul, Noah"]
[Result "1-0"]
[WhiteElo "995"]
[BlackElo "782"]
[PlyCount "89"]
[EventDate "2017.02.08"]
[EventType "swiss"]
[EventRounds "7"]
[EventCountry "GER"]
[SourceTitle "EXT 2022"]
[Source "ChessBase"]
[SourceDate "2021.10.06"]
[SourceVersion "1"]
[SourceVersionDate "2021.10.06"]
[SourceQuality "1"]

1. e4 e5 2. Nf3 Nc6 3. Bc4 Bc5 4. 0-0 Nf6 5. d3 0-0 6. Nc3 d6 7. h3 Be6 8. Bxe6 fxe6 9. a3 h6 10. b4 Bd4 11. Nxd4 exd4 12. Na2 e5 13. Qf3 a6 14. Qg3 Qe7 15. c3 b5 16. cxd4 Nxd4 17. Nc3 c5 18. Be3 cxb4 19. axb4 Qc7 20. Rac1 Nb3 21. Nd5 Nxd5 22. Rxc7 Nxc7 23. Bxh6 Rf7 24. f4 Ne6 25. fxe5 Raf8 26. Rxf7 Rxf7 27. exd6 Nbd4 28. Qg4 a5 29. Be3 axb4 30. Bxd4 Nxd4 31. Qc8+ Kh7 32. d7 Ne6 33. d8Q Nxd8 34. Qxd8 b3 35. Qd5 Ra7 36. Qxb3 Rb7 37. Qb1 b4 38. d4 b3 39. e5+ Kg8 40. d5 b2 41. e6 Kf8 42. d6 Ke8 43. Kh2 g5 44. Qg6+ Kf8 45. e7+ 1-0

[Event "Mecklenburg VP-ch Youth"]
[Site "Malchow"]
[Date "2017.02.08"]
[Round "6.3"]
[White "Paul, Noah"]
[Black "Ivanov, Alexander4444"]
[Result "0-1"]
[WhiteElo "782"]
[BlackElo "1008"]
[PlyCount "76"]
[EventDate "2017.02.08"]
[EventType "swiss"]
[EventRounds "7"]
[EventCountry "GER"]
[SourceTitle "EXT 2022"]
[Source "ChessBase"]
[SourceDate "2021.10.06"]
[SourceVersion "1"]
[SourceVersionDate "2021.10.06"]
[SourceQuality "1"]

1. e4 c5 2. Nc3 g6 3. Nf3 Bg7 4. Bc4 h6 5. d3 d6 6. 0-0 Nf6 7. Bf4 a6 8. a3 b5 9. Ba2 0-0 10. Nd5 Nxd5 11. Bxd5 Ra7 12. Rb1 Bb7 13. Bxb7 Rxb7 14. Nd2 Nc6 15. c4 Qd7 16. cxb5 Rxb5 17. a4 Rb7 18. Nc4 Rfb8 19. Bc1 e6 20. f3 d5 21. exd5 exd5 22. Nd2 Bxb2 23. Bxb2 Rxb2 24. Qc1 Rxb1 25. Nxb1 Nd4 26. Nc3 Rb3 27. Qd2 Rxc3 28. Qxh6 Nf5 29. Qh3 Rxd3 30. Rc1 c4 31. Kf2 Qxa4 32. Qg4 Qa2+ 33. Kf1 Ne3+ 34. Ke1 Nxg4 35. fxg4 Qd2+ 36. Kf1 Qxc1+ 37. Ke2 Qc2+ 38. Ke1 Rd1# 0-1